[Event "Baden-ch 94th"]
[Site "Forst"]
[Date "2022.10.02"]
[Round "4"]
[White "Cernov, Henrik"]
[Black "Jaeschke, Felix"]
[Result "1/2-1/2"]
[WhiteElo "2066"]
[BlackElo "2115"]
[PlyCount "76"]
[EventDate "2022.09.30"]
[EventType "swiss"]
[EventRounds "7"]
[EventCountry "GER"]
[SourceTitle "CBM 210 Extra"]
[Source "ChessBase"]
[SourceDate "2022.11.30"]
[SourceVersion "1"]
[SourceVersionDate "2022.11.30"]
[SourceQuality "1"]

1. e4 c5 2. Nf3 d6 3. Bb5+ Nd7 4. 0-0 a6 5. Bd3 Ngf6 6. c3 e6 7. Bc2 b5 8. d4 cxd4 9. cxd4 Bb7 10. Qe2 Be7 11. Bg5 h6 12. Bh4 g5 13. Bg3 Qb6 14. Rd1 Rc8 15. Nc3 b4 16. Na4 Qb5 17. Rd2 Nxe4 18. Bxe4 Bxe4 19. Qxe4 Nf6 20. Qe2 Qxa4 21. d5 e5 22. Nxe5 dxe5 23. d6 Bd8 24. d7+ Nxd7 25. Rxd7 Kxd7 26. Qg4+ Ke7 27. Qxc8 Qb5 28. Rc1 f6 29. Rc6 Qd5 30. h3 a5 31. Ra6 Re8 32. Qf5 Kf8 33. Qh7 Qf7 34. Qh8+ Qg8 35. Qxh6+ Qg7 36. Qh5 Qf7 37. Qh8+ Qg8 38. Qh6+ Qg7 1/2-1/2

[Event "Baden-ch U18/20"]
[Site "Karlsruhe"]
[Date "2014.01.05"]
[Round "6"]
[White "Dieterle, Patrick"]
[Black "Jaeschke, Felix"]
[Result "1/2-1/2"]
[WhiteElo "1605"]
[BlackElo "1925"]
[PlyCount "41"]
[EventDate "2014.01.??"]
[EventType "swiss"]
[EventRounds "7"]
[EventCountry "GER"]
[SourceTitle "EXT 2022"]
[Source "ChessBase"]
[SourceDate "2021.10.06"]
[SourceVersion "1"]
[SourceVersionDate "2021.10.06"]
[SourceQuality "1"]

1. d4 d5 2. c4 c6 3. Nf3 Nf6 4. Nc3 Bf5 5. Qb3 Qb6 6. c5 Qxb3 7. axb3 Nbd7 8. b4 h6 9. b5 g5 10. bxc6 bxc6 11. Ra6 Nb8 12. Ra3 Bg7 13. e3 0-0 14. Be2 Nbd7 15. h3 Rfb8 16. 0-0 a5 17. b3 e5 18. dxe5 Ne4 19. Nxe4 Bxe4 20. Nd4 Nxe5 21. Bd2 1/2-1/2

[Event "Baden-ch U18/20"]
[Site "Karlsruhe"]
[Date "2014.01.04"]
[Round "5"]
[White "Kleiser, Samuel"]
[Black "Jaeschke, Felix"]
[Result "0-1"]
[WhiteElo "1722"]
[BlackElo "1925"]
[PlyCount "94"]
[EventDate "2014.01.??"]
[EventType "swiss"]
[EventRounds "7"]
[EventCountry "GER"]
[SourceTitle "EXT 2022"]
[Source "ChessBase"]
[SourceDate "2021.10.06"]
[SourceVersion "1"]
[SourceVersionDate "2021.10.06"]
[SourceQuality "1"]

1. e4 c5 2. d3 Nc6 3. g3 g6 4. Bg2 Bg7 5. Nc3 d6 6. f4 Nf6 7. Nf3 0-0 8. 0-0 Rb8 9. a4 a6 10. h3 b5 11. axb5 axb5 12. Nh2 b4 13. Ne2 Bb7 14. g4 Ra8 15. Be3 Nd7 16. c3 Rxa1 17. Qxa1 Qb6 18. f5 Ra8 19. Qc1 bxc3 20. bxc3 Ra2 21. Rf2 Qa5 22. Bf1 Ba6 23. Qb1 Ra1 24. Qb3 c4 25. dxc4 Ra3 26. Qd1 Nce5 27. Bd4 Bxc4 28. fxg6 hxg6 29. Nf4 Ra1 30. Qd2 Nf6 31. Qe3 Qa8 32. g5 Nxe4 33. Rg2 Bxf1 34. Nxf1 Re1 35. Ne2 Nd2 36. Rf2 Ndf3+ 37. Rxf3 Nxf3+ 38. Kf2 Nxd4 39. cxd4 Qa1 40. Nfg3 Rd1 41. Qxe7 Bxd4+ 42. Kg2 Qa8+ 43. Qe4 Qxe4+ 44. Nxe4 Be5 45. Kf3 Rd3+ 46. Kg4 Re3 47. N4g3 d5 0-1

[Event "Rheinland Pfalz op 3rd"]
[Site "Gau Algesheim"]
[Date "2011.07.31"]
[Round "7"]
[White "Jaeschke, Felix"]
[Black "Schowalter, Gerd"]
[Result "1-0"]
[WhiteElo "1816"]
[BlackElo "1992"]
[PlyCount "85"]
[EventDate "2011.07.28"]
[EventType "swiss"]
[EventRounds "7"]
[EventCountry "GER"]
[SourceTitle "EXT 2013"]
[Source "ChessBase"]
[SourceDate "2012.11.22"]
[SourceVersion "1"]
[SourceVersionDate "2012.11.22"]
[SourceQuality "1"]

1. c4 Nf6 2. Nf3 d6 3. g3 g6 4. Bg2 Bg7 5. 0-0 0-0 6. Nc3 e5 7. d3 Nc6 8. Rb1 a5 9. h3 Bd7 10. e4 Nh5 11. Re1 Ne7 12. d4 exd4 13. Nxd4 c6 14. Be3 h6 15. Qd2 Kh7 16. Rbd1 Qc7 17. Nde2 Nc8 18. c5 Be5 19. g4 Nf6 20. Bxh6 Rg8 21. Bg5 Ne8 22. Be3 Be6 23. f4 Bh8 24. b3 f5 25. exf5 gxf5 26. Nd4 Bxd4 27. Bxd4 Qf7 28. Qf2 Rg6 29. g5 Kg8 30. h4 Ng7 31. Bf3 Bd5 32. Nxd5 cxd5 33. Bxg7 Qxg7 34. Bxd5+ Kf8 35. h5 Ne7 36. hxg6 Nxd5 37. Rxd5 dxc5 38. Rxf5+ Kg8 39. Qxc5 Rd8 40. Qe5 Qd7 41. Qe6+ Qxe6 42. Rxe6 Rd1+ 43. Kf2 1-0

[Event "Rheinland Pfalz op 3rd"]
[Site "Gau Algesheim"]
[Date "2011.07.29"]
[Round "3"]
[White "Jaeschke, Felix"]
[Black "Lehmann, Tornalf"]
[Result "1-0"]
[WhiteElo "1816"]
[BlackElo "1637"]
[PlyCount "63"]
[EventDate "2011.07.28"]
[EventType "swiss"]
[EventRounds "7"]
[EventCountry "GER"]
[SourceTitle "EXT 2013"]
[Source "ChessBase"]
[SourceDate "2012.11.22"]
[SourceVersion "1"]
[SourceVersionDate "2012.11.22"]
[SourceQuality "1"]

1. e4 Nf6 2. Nc3 e5 3. Nf3 Nc6 4. Bc4 Nxe4 5. Bxf7+ Kxf7 6. Nxe4 d5 7. Ng3 e4 8. Ng1 g6 9. d3 exd3 10. Qxd3 Bg7 11. N1e2 Re8 12. 0-0 Kg8 13. Nf4 d4 14. Bd2 Kh8 15. Rfe1 Rf8 16. Qb3 Ne7 17. Ne4 b6 18. Ng5 Nf5 19. Nfe6 Bxe6 20. Nxe6 Qd7 21. Nxf8 Rxf8 22. Rad1 Qc8 23. Qa4 Qb7 24. Re8 b5 25. Rxf8+ Bxf8 26. Qb3 c5 27. Qe6 Qe7 28. Re1 Qxe6 29. Rxe6 Kg7 30. Ra6 h6 31. Rxa7+ Be7 32. g4 1-0